FanQuiz: Pinguini Tattici Nucleari - Statistics

Statistiche generali
  • Questo quiz è stato fatto 699 volte
  • Il punteggio medio è 11 su 20
Statistiche sulle risposte
Domanda Risposta % Corretto
Di quale città lombarda sono originari? Bergamo
97%
Che strumento suona il pelato del gruppo? Chitarra
94%
Con quale rapper cantano "Nightmares"? Bresh
84%
Quanti album hanno all'attivo ad oggi? 6
80%
Il nome del gruppo deriva da un prodotto scozzese. Quale? Birra
73%
Come si intitola l'ultimo album pubblicato nel 2022? Fake News
69%
Prima di diventare frontman del gruppo, Riccardo Zanotti suonava quale strumento? Batteria
68%
Nel 2020 hanno partecipato al Festival di Sanremo con "Ringo Starr". Chi conduceva la manifestazione canora quell'anno? Amadeus
64%
"Siamo la fine del mondo, di domenica mattina Siamo una cena a lume di candela fra due ________ ___ _________" ("Verdura") taniche di benzina
62%
Come si intitola il primo album pubblicato nel 2014? Il re è nudo
54%
"Io sono nato a ________ e tu invece a Shanghai Se giochi con me perdi tutto, se gioco con te crollerai" Monopoli
53%
"Ahia! Forse per l'ultima volta vado a sciare in Antartide con Freddie e Rodger e faremo tante bagatelle, come durante la nostra gioventù brucata."Quante loro canzoni ci sono in questa frase? 9
49%
Il titolo della canzone "Dentista Croazia" era la scritta presente su una cosa che caratterizzò le loro prime tournées. Quale? Furgone
42%
Nel loro ultimo album rientra la canzone "Stage diving", che indica l'abitudine dei cantanti di fare un ______ dal palco in mezzo alla folla. tuffo
38%
"I mostri più spaventosi non sono altro che persone normali con indosso delle maschere" è la spiegazione di quale loro canzone? Scooby Doo
34%
I titoli di tre loro canzoni si ispirano a nomi propri femminili. Quali sono? Ilaria, Irene, Giulia
30%
Elio Biffi, il tastierista del gruppo, ha tatuato sul petto il muso di quale animale? Orso
26%
Qual è, insieme a "Le Gentil", la loro unica canzone con il titolo in francese? Bohémien
19%
Una loro canzone si intitola "Il sonno ed il furto (Storia di un ___________)". coinquilino
15%
Come si intitola la loro canzone dalla durata più lunga (5:53)? Test di ingresso di medicina
13%
Nessun quiz corrispondente trovato
Distribuzione punteggi
Percentuale di utenti per punteggio
Percentile per numero di risposta
I tuoi punteggi nel tempo
Non hai fatto questo quiz